00969nam a2200265 a 450000100060000000300080000600500170001400800410003102000150007202000220008703500190010904000320012804100080016008200300016810000270019824500560022526000430028130000270032450000200035165000350037165100400040685600870044685600950053385600750062848191BD-RjUL20211209054457.0160813s2002 enk b 001 0 eng  a0335204104 a0335204090 (pbk.) a(BD-RjUL)48310 aDLCcDLCdDLCdBD-RjULbeng aeng00a361.610941223bKER 200210aKemshall, Hazeld1958-10aRisk, social policy and welfare /cHazel Kemshall. aBuckingham :bOpen University,c2002. aviii, 159 p. ;c24 cm. aIncludes index. 0aPublic welfarezGreat Britain. 0aGreat BritainxSocial policyy1979-423Publisher descriptionuhttp://www.loc.gov/catdir/description/mh051/2001021660.html423Contributor biographical informationuhttp://www.loc.gov/catdir/bios/mh051/2001021660.html413Table of contentsuhttp://www.loc.gov/catdir/toc/mh051/2001021660.html